[Event "Ceske Budejovice op-B"]
[Site "Ceske Budejovice"]
[Date "2020.07.09"]
[Round "9"]
[White "Veselsky, Jan"]
[Black "Gorej, Jan"]
[Result "1-0"]
[WhiteElo "1580"]
[BlackElo "1247"]
[PlyCount "47"]
[EventDate "2020.07.01"]
[EventType "swiss"]
[EventRounds "9"]
[EventCountry "CZE"]
[SourceTitle "CBM 197 Extra"]
[Source "ChessBase"]
[SourceDate "2020.09.30"]
[SourceVersion "1"]
[SourceVersionDate "2020.09.30"]
[SourceQuality "1"]

1. d4 d5 2. c4 Nf6 3. cxd5 Qxd5 4. Nc3 Qd8 5. e4 Bg4 6. f3 Bh5 7. Bc4 e6 8. Qb3 b6 9. Nge2 Be7 10. Be3 0-0 11. 0-0 a6 12. e5 b5 13. exf6 Bd6 14. fxg7 Kxg7 15. Bd3 Qh4 16. g3 Qf6 17. Ne4 Qe7 18. Nxd6 cxd6 19. Rac1 Ra7 20. d5 Kh8 21. Nf4 Bg6 22. dxe6 Bxd3 23. Qxd3 fxe6 24. Qd4+ 1-0